Caricamento...

WTO Negotiations on agriculture and Developing countries /

Dettagli Bibliografici
Autore principale: Hoda, Anwarul
Altri autori: Gulati, Ashok
Natura: Printed Book
Lingua:English
Pubblicazione: New Delhi : Oxford University Press, 2007.
LEADER 00676nam a2200169Ia 4500
008 150624b xxu||||| |||| 00| 0 eng d
020 |a 9780195692563 
082 |a 382.92 
100 |a Hoda, Anwarul 
245 |a WTO Negotiations on agriculture and Developing countries /  |c Anwarul Hoda 
260 |a New Delhi :  |b Oxford University Press,  |c 2007. 
300 |a 294 p. 
505 |a 1.WTO agreement on agriculture 2.The Cairns group, the group of 20,the group of 33. 3.Indian agriculture 
700 |a Gulati, Ashok 
942 |c BK 
999 |c 57996  |d 57996 
952 |0 0  |1 0  |4 0  |6 382_920000000000000_HOD_W  |7 0  |9 57974  |a UL  |b UL  |c ST1  |d 2012-10-27  |l 0  |o 382.92 HOD/W  |p 83442  |r 2012-10-27  |w 2012-10-27  |y BK